Worls's best out door games
| Main Author: | |
|---|---|
| Format: | Book |
| Published: |
New York :
Sterling Publishing ,
1992
|
| Subjects: |
MARC
| LEADER | 00000cam a2200000 7i4500 | ||
|---|---|---|---|
| 001 | 0000004957 | ||
| 002 | 000005344 | ||
| 005 | 20000330.0 | ||
| 020 | |a 0806984368 | ||
| 090 | 0 | 0 | |a 790.1 |b VEC |
| 100 | 1 | |a Vecchione, Glen | |
| 245 | 1 | 0 | |a Worls's best out door games |c Glen Vecchione |
| 260 | |a New York : |b Sterling Publishing , |c 1992 | ||
| 300 | |a 128p. ; |c 21cm. | ||
| 650 | 0 | 0 | |a Games |
| 999 | |a 033138 |b BUKU |c PINJAMAN |e PERPUSTAKAAN KOMUNITI PETALING JAYA | ||
| 999 | |a 033139 |b BUKU |c PINJAMAN |e PERPUSTAKAAN KOMUNITI PETALING JAYA | ||